| Tag |
First Indicator |
Second Indicator |
Subfields |
| LEADER |
00000cam a2200000 4500 |
| 001 |
in00000039514 |
| 005 |
20151007081804.0 |
| 008 |
720316r19661938 eng u |
| 010 |
|
|
|a 38025099
|
| 035 |
|
|
|a (OCoLC)00264639
|
| 035 |
|
|
|9 AAF6910AM
|
| 040 |
|
|
|c TOL
|d TXA
|d UtOrBLW
|
| 049 |
|
|
|a TXAM
|c [469853]
|
| 050 |
0 |
0 |
|a BX9338
|b .G3
|
| 092 |
|
|
|a 285.9
|b G239m, 1966
|
| 100 |
1 |
|
|a Garrett, Christina Hallowell.
|
| 245 |
1 |
4 |
|a The Marian exiles :
|b a study in the origins of Elizabethan Puritanism.
|
| 264 |
|
1 |
|a Cambridge [England] :
|b The University Press,
|c 1938, reprinted 1966.
|
| 300 |
|
|
|a ix, 388 pages :
|b frontispiece ;
|c 22 cm.
|
| 336 |
|
|
|a text
|b txt
|2 rdacontent
|
| 337 |
|
|
|a unmediated
|b n
|2 rdamedia
|
| 338 |
|
|
|a volume
|b nc
|2 rdacarrier
|
| 500 |
|
|
|a "The census of exiles": pages [61]-349.
|
| 504 |
|
|
|a Bibliographies: pages [65]-66, [373]-378.
|
| 650 |
|
0 |
|a Puritans.
|
| 651 |
|
0 |
|a Great Britain
|x Politics and government
|y 1553-1558.
|
| 651 |
|
0 |
|a Great Britain
|v Biography.
|
| 651 |
|
0 |
|a Great Britain
|x Church history
|y 16th century.
|
| 999 |
|
|
|a MARS
|
| 999 |
f |
f |
|s 57ebfaf4-36e3-3bb6-9715-d17b7263f05d
|i c46bb28e-4f17-3014-a754-46a74d5f7255
|t 0
|
| 952 |
f |
f |
|p ric
|a Texas A&M University
|b Rellis Campus
|c Joint Library Facility
|d Remote Storage
|t 0
|e BX9338 .G3
|h Library of Congress classification
|i unmediated -- volume
|m A14800624754
|
| 998 |
f |
f |
|a BX9338 .G3
|t 0
|l Remote Storage
|